Cities in Germany - Sudden Death - Statistics

General Stats
  • This quiz has been taken 195 times
  • The average score is 13 of 16
Answers on the Grid
Answers color-coded by a green-red scale on the quiz's grid according to % correct below.
Aarhus
Antwerp
Basel
Berlin
Bern
Bochum
Bonn
Bremen
Brussels
Cologne
Dortmund
Düsseldorf
Eindhoven
Essen
Frankfurt
Gothenburg
Graz
Hamburg
Hanover
Leipzig
Linz
Lübeck
Lublin
Munich
Odense
Rostock
Salzburg
Strasbourg
Stuttgart
Utrecht
Vienna
Zurich
 
Answer Stats
Answer % Correct
Berlin
100%
Düsseldorf
97%
Cologne
89%
Bonn
86%
Bremen
86%
Dortmund
84%
Leipzig
84%
Frankfurt
81%
Hamburg
81%
Munich
81%
Stuttgart
81%
Essen
78%
Hanover
78%
Lübeck
70%
Rostock
68%
Bochum
65%
No matching quizzes found
Score Distribution
Percent of People with Each Score
Percentile by Number Answered
Your Score History
You have not taken this quiz